| 000 | 00416nam a2200145Ia 4500 | ||
|---|---|---|---|
| 008 | 220216s9999 xx 000 0 und d | ||
| 100 | _aSloan J M | ||
| 245 | 0 | _aProperties of vulcanised natural rubber and trans-polyisoperene blends | |
| 260 |
_bProc. Conf. ACS., Las Vegas _c1990 |
||
| 500 | _aSource Year: 1992 | ||
| 650 | _aVulcanized natural rubber | ||
| 700 | _aGilbert M D | ||
| 856 | _uIRRDB | ||
| 942 | _cJS | ||
| 999 |
_c65996 _d65996 |
||